Biblioteca "Ernesto Sabato"
Facultad de Derecho y Ciencias Sociales
Facultad de Lenguas
Universidad Nacional del Comahue

Para leer el pato Donald (Record no. 33603)

MARC details
000 -CABECERA
campo de control de longitud fija 00713nam a22002537a 4500
003 - IDENTIFICADOR DEL NÚMERO DE CONTROL
campo de control OSt
005 - FECHA Y HORA DE LA ÚLTIMA TRANSACCIÓN
campo de control 20190306103148.0
008 - DATOS DE LONGITUD FIJA--INFORMACIÓN GENERAL
campo de control de longitud fija 190306b xxu||||| |||| 00| 0 spa d
020 ## - ISBN
Número Internacional Estándar del Libro 968-23-0059-2
040 ## - FUENTE DE LA CATALOGACIÓN
Centro/agencia transcriptor Biblioteca Ernesto Sábato
092 ## - SIGNATURA TOPOGRÁFICA
Número de clasificación 302.23
Libristica D696-24
100 ## - Autor Personal
Nombre de persona Dorfman, Ariel
245 ## - MENCIÓN DE TÍTULO
Título Para leer el pato Donald
250 ## - MENCIÓN DE EDICIÓN
Mención de edición 24a ed.
260 ## - PUBLICACIÓN, DISTRIBUCIÓN, ETC. (PIE DE IMPRENTA)
Lugar de publicación, distribución, etc. México
Nombre del editor, distribuidor, etc. Siglo veintiuno
Fecha de publicación, distribución, etc. 1972
300 ## - DESCRIPCIÓN FÍSICA
Paginas 160 p
440 ## - MENCIÓN DE SERIE/PUNTO DE ACCESO ADICIONAL--TÍTULO
Título Sociología y política
650 ## - Descriptores Tematicos
Término de materia o nombre geográfico como elemento inicial COMUNICACION DE MASAS
650 ## - Descriptores Tematicos
Término de materia o nombre geográfico como elemento inicial COLONIALISMO-MEDIOS DE COMUNICACION
650 ## - Descriptores Tematicos
Término de materia o nombre geográfico como elemento inicial DEPENDENCIA-MEDIOS DE COMUNICACION
650 ## - Descriptores Tematicos
Término de materia o nombre geográfico como elemento inicial ALINEACION-MEDIOS DE COMUNICACION
700 ## - Coautores y traductores
Nombre de persona Armand Mattelart
942 ## - ELEMENTOS DE PUNTO DE ACCESO ADICIONAL (KOHA)
Fuente del sistema de clasificación o colocación Dewey Decimal Classification
Tipo de ítem Koha BDGR
Holdings
Estado de retiro Estado de pérdida Fuente del sistema de clasificación o colocación Estado dañado No para préstamo Localización permanente Ubicación/localización actual Fecha de adquisición Número de inventario Total de préstamos Signatura topográfica completa Código de barras Fecha visto por última vez Precio válido a partir de Tipo de ítem Koha
    Dewey Decimal Classification     Biblioteca Ernesto Sabato - FADECS - UNCOMA Biblioteca Ernesto Sabato - FADECS - UNCOMA 06/03/2019 24341   302.23 D696-24 24341 06/03/2019 06/03/2019 BDGR
Facultad de Derecho y Ciencias Sociales | Universidad Nacional del Comahue | Mendoza y Perú General Roca | Río Negro CP (8332) | Patagonia Argentina | Teléfono: 54-0298-4433670 | | Fax: 0298-4432093 | Fax alumnos: 0298-4435700